| 000 | 00616cam a22001935a 4500 | ||
|---|---|---|---|
| 001 | L155481 | ||
| 008 | 120326s1808 xxk f 000 0 eng d | ||
| 035 | _a(Sirsi) u155481 | ||
| 041 | 0 | _aeng | |
| 100 | 1 |
_aDix, Thomas _d1769 or 70-1813 |
|
| 245 | 0 | 2 | _aA treatise on Land Surveying in six parts; ... with ... diagrams, etc.] |
| 250 | _aThird edition, with ... additions, etc. | ||
| 260 |
_aLondon _bL. B. Seeley _aBuckingham [printed] _c1808 |
||
| 300 |
_a180 p. _c8o |
||
| 583 |
_aCondition reviewed _c20120620 _lcondition level 2 |
||
| 651 | 4 |
_aGreat Britain _y1707- |
|
| 690 |
_aMeasurement _96256 |
||
| 942 | _n0 | ||
| 999 |
_c113594 _d113594 |
||